Fromm vida y obra. / (Record no. 36256)
[ view plain ]
| 000 -CABECERA | |
|---|---|
| campo de control de longitud fija | 00846nam a2200229 a 4500 |
| 001 - NÚMERO DE CONTROL | |
| campo de control | 000036765 |
| 005 - FECHA Y HORA DE LA ÚLTIMA TRANSACCIÓN | |
| campo de control | 20200930075925.0 |
| 008 - DATOS DE LONGITUD FIJA--INFORMACIÓN GENERAL | |
| campo de control de longitud fija | 120131s1987 ag ac 000 0 spa d |
| 020 ## - NÚMERO INTERNACIONAL ESTÁNDAR DEL LIBRO | |
| Número Internacional Estándar del Libro | 9501266591 |
| 040 ## - FUENTE DE LA CATALOGACIÓN | |
| Centro catalogador/agencia de origen | DO-SdBNP |
| Lengua de catalogación | spa |
| Centro/agencia transcriptor | BNPHU |
| 082 ## - NÚMERO DE LA CLASIFICACIÓN DECIMAL DEWEY | |
| Número de clasificación | xxxx |
| Número de documento/Ítem | F982 |
| 100 1# - ENTRADA PRINCIPAL--NOMBRE DE PERSONA | |
| Nombre de persona | Funk, Rainer |
| 9 (RLIN) | 63096 |
| 240 10 - TÍTULO UNIFORME | |
| Título uniforme | Erich Fromm. mit selbstzeugnissen und bilddo-kumenten dargestellt |
| Lenguaje de la obra | Español |
| 245 10 - MENCIÓN DE TÍTULO | |
| Título | Fromm vida y obra. / |
| Mención de responsabilidad, etc. | Rainer Funk; traducción castellana de Juana Deustscher y Vilko Gal. |
| 260 ## - PUBLICACIÓN, DISTRIBUCIÓN, ETC. | |
| Lugar de publicación, distribución, etc. | Buenos Aires : |
| Nombre del editor, distribuidor, etc. | Paídos, |
| Fecha de publicación, distribución, etc. | 1987. |
| 300 ## - DESCRIPCIÓN FÍSICA | |
| Extensión | 206 p. : |
| Otras características físicas | il., retrs. |
| 490 1# - MENCIÓN DE SERIE | |
| Mención de serie | Paidos studio |
| Designación de volumen o secuencia | 59 |
| 500 ## - NOTA GENERAL | |
| Nota general | Traducida del alemán |
| 500 ## - NOTA GENERAL | |
| Nota general | Con testimonios personales de Erich Fromm y documentación gráfica reunidos por el autor |
| 504 ## - NOTA DE BIBLIOGRAFÍA, ETC. | |
| Nota de bibliografía, etc. | Cronología y bibliografía : p.197-206 |
| 830 #0 - PUNTO DE ACCESO ADICIONAL DE SERIE-TÍTULO UNIFORME | |
| Título uniforme | Paidos studio |
| Designación de volumen o secuencia | 59 |
| 9 (RLIN) | 49141 |
| Estado de retiro | Estado de pérdida | Restricciones de uso | No para préstamo | Código de colección | Localización permanente | Ubicación/localización actual | Ubicación en estantería | Fecha de adquisición | Número de inventario | Total de préstamos | Signatura topográfica completa | Código de barras | Fecha visto por última vez | Precio válido a partir de | Tipo de ítem Koha |
|---|---|---|---|---|---|---|---|---|---|---|---|---|---|---|---|
| Excluido de préstamo | Monografías: Libros y Folletos | General | General | En catalogación | 31.01.2012 | LF1 | xxxx F982 | 36765-10 | 25.06.2020 | 25.06.2020 | No se presta |
